Teaching of computer / (Record no. 61816)

MARC details
000 -LEADER
fixed length control field 00588nam a22001697a 4500
005 - DATE AND TIME OF LATEST TRANSACTION
control field 20120202131357.0
008 - FIXED-LENGTH DATA ELEMENTS--GENERAL INFORMATION
fixed length control field 120202t xxu||||| |||| 00| 0 eng d
020 ## - INTERNATIONAL STANDARD BOOK NUMBER
International Standard Book Number 8174453032
Terms of availability 00.00
035 ## - SYSTEM CONTROL NUMBER
System control number B-219633
040 ## - CATALOGING SOURCE
Original cataloging agency DPL
Language of cataloging ENG
100 ## - MAIN ENTRY--PERSONAL NAME
Personal name Tiwari, Manish
9 (RLIN) 40594
245 ## - TITLE STATEMENT
Title Teaching of computer /
Statement of responsibility, etc by Manish Tiwari
260 ## - PUBLICATION, DISTRIBUTION, ETC. (IMPRINT)
Place of publication, distribution, etc Delhi
Name of publisher, distributor, etc Mohit Publication
Date of publication, distribution, etc 2005
300 ## - PHYSICAL DESCRIPTION
Extent v, 296p.
Dimensions 18 cms.
942 ## - ADDED ENTRY ELEMENTS (KOHA)
Source of classification or shelving scheme Dewey Decimal Classification
Item type English Books
Classification part 004
Call number suffix TIW
Holdings
Withdrawn status Lost status Source of classification or shelving scheme Damaged status Not for loan Collection code Home library Current library Shelving location Date acquired Cost, normal purchase price Total Checkouts Full call number Barcode Date last seen Cost, replacement price Koha item type
    Dewey Decimal Classification     Non-fiction Sarojini Nagar Sarojini Nagar General Stacks 02/02/2012 0.00   004 TIW B-219633 02/02/2012 0.00 English Books

© Delhi Public Library
Hit Counter
free hit counter